Mathematical Statistics

Gespeichert in:
Bibliographische Detailangaben
Format: Buch
Sprache:Englisch
Veröffentlicht: Princeton Princeton University Press 1950
Tags: Tag hinzufügen
Keine Tags, Fügen Sie das erste Tag hinzu!

MARC

LEADER 00000nam a2200000 4500
001 0314670
005 20260202101717.2
041 0 |a eng 
044 |a US 
245 1 0 |a Mathematical Statistics  |c S. S. Wilks 
264 1 |a Princeton  |b Princeton University Press  |c 1950